Finanzas corporativas (Registro nro. 1534)

Detalles MARC
000 -LEADER
fixed length control field 01744 a2200241 4500
001 - CONTROL NUMBER
control field 27000
005 - DATE AND TIME OF LATEST TRANSACTION
control field 20260407155547.0
008 - FIXED-LENGTH DATA ELEMENTS--GENERAL INFORMATION
fixed length control field 260407a2007 arg spa d
003 - CONTROL NUMBER IDENTIFIER
control field AR-UNSa-BCEJYS
040 ## - CATALOGING SOURCE
Original cataloging agency AR-UNSa-BCEJYS
Language of cataloging spa
Transcribing agency AR-UNSa-BCEJYS
080 ## - UNIVERSAL DECIMAL CLASSIFICATION NUMBER
Universal Decimal Classification number 658.15
Common auxiliary subdivision Administración financiera privada. Gestión financiera de empresas<br/>
020 ## - INTERNATIONAL STANDARD BOOK NUMBER
International Standard Book Number 978-970-686-594-6
100 1# - MAIN ENTRY--PERSONAL NAME
Personal name Brigham, Eugene F.
245 10 - TITLE STATEMENT
Title Finanzas corporativas
250 ## - EDITION STATEMENT
Edition statement 2a. ed.
264 #1 - PRODUCTION, PUBLICATION, DISTRIBUTION, MANUFACTURE, AND COPYRIGHT NOTICE
Place of production, publication, distribution, manufacture México :
Name of producer, publisher, distributor, manufacturer International Thomson Editores
Date of production, publication, distribution, manufacture, or copyright notice 2007
300 ## - PHYSICAL DESCRIPTION
Extent xix, 650 p.
Dimensions 27 cm.
505 ## - FORMATTED CONTENTS NOTE
Formatted contents note 1. Introducción a las finanzas corporativas y al ambiente financiero - 2. Valor del dinero en el tiempo - 3. Estados financieros, flujo de efectivo e impuestos - 4. Análisis de los estados financieros - 5. Riesgo y rendimiento - 6. Los bonos y su valuación - 7. Las acciones y su valuación - 8. Opciones financieras, su valuación y sus aplicaciones en las finanzas corporativas - 9. El costo de capital - 10. Principios básicos de la presupuestación de capital: evaluación de los flujos de efectivo - 11. Estimación de los flujos de efectivo y análisis del riesgo - 12. Planeación financiera y pronóstico de los estados financieros - 13. Valuación corporativa, administración orientada al valor y gobierno corporativo - 14. Decisiones relativas a la estructura de capital - 15. Distribuciones a los accionistas: dividendos y recompras - 16. Administración del capital de trabajo - 17. Finanzas corporativas internacionales
590 ## - LOCAL NOTE (RLIN)
Local note niveau_biblio:m niveau_hierar:0
700 1# - ADDED ENTRY--PERSONAL NAME
Personal name Ehrhardt, Michael C.
856 41 - ELECTRONIC LOCATION AND ACCESS
Uniform Resource Identifier <a href="https://biblioeco.unsa.edu.ar/pmb/images/libros/Finanzas Corporativas-l119717.jpg">https://biblioeco.unsa.edu.ar/pmb/images/libros/Finanzas Corporativas-l119717.jpg</a>
Link text Imagen de portada
Electronic format type image/jpeg
942 ## - ADDED ENTRY ELEMENTS (KOHA)
Koha item type
Existencias
Withdrawn status Lost status Damaged status Not for loan Home library Current library Shelving location Date acquired Total checkouts Full call number Barcode Date last seen Price effective from Koha item type
        Biblioteca Prof. Eusebio Cleto del Rey Biblioteca Prof. Eusebio Cleto del Rey   07/04/2026   658.15 E33 2ed. L119717 07/04/2026 07/04/2026 Libro